| 000 | 00932cam a2200289 i 4500 | ||
|---|---|---|---|
| 001 | 295 | ||
| 003 | BD-RjUL | ||
| 005 | 20211208233142.0 | ||
| 008 | 131201s1979 nyuabd g 001 0 eng d | ||
| 020 |
_a007022871X. _a0070228701(pbk) |
||
| 035 | _a(BD-RjUL)312 | ||
| 040 |
_aDLC _cDLC _dBD-RjUL _beng |
||
| 041 | _aeng | ||
| 082 | 0 | 0 |
_223 _a004.22 _bGAI 1979 |
| 100 | 1 |
_aGarland, Harry. _9947 |
|
| 245 | 1 | 0 |
_aIntroduction to microprocessor system design / _cHarry Garland. |
| 260 |
_aNew York : _bMcGraw-Hill, _cc1979 [reprinting 1981] |
||
| 300 |
_aix, 192 p. : _bills. ; _c23 cm. |
||
| 504 | _aIncludes index | ||
| 526 | _bComputer Science | ||
| 650 | 0 |
_aMicroprocessors. _9351 |
|
| 650 | 0 |
_aComputer architecture. _9197811 |
|
| 740 | _aMicroprocessor system design. | ||
| 942 |
_2ddc _cBK _01 |
||
| 999 |
_c295 _d295 |
||